000 00996nam a2200241 i 4500
001 28965
003 ES-MaACL
005 20230909063104.0
007 t|
008 030120s1882 sp ||||1| spa d
080 _a821.134.2-23"18"
100 1 _aBalaguer, Víctor,
_d1824-1901
_924806
245 1 0 _aTragedias /
_cVíctor Balaguer.
250 _a3ª ed.
260 _aMadrid :
_b[s.n.],
_c1882 (
_fManuel Tello)
300 _a506 p. ;
_c22 cm.
505 8 _aContiene: La muerte de Aníbal. Coriolano. La sombra de César. La fiesta de Tíbulo. La muerte de Nerón. Saffo. La tragedia de Llivia. La última hora de Colón. Los esposales de la muerta. El guante del degollado. El conde de Forx. Rayo de luna
530 _aDisponible en formato digital.
546 _aTexto en catalán; traducción y notas en castellano.
852 _aES-MaACL
_jB-157
856 _uhttp://bdh-rd.bne.es/viewer.vm?id=0000095767&page=1
_zBiblioteca Digital Hispánica
999 _c28965
_d28965